000 00644nam a2200217Ii 4500
003 JO-AjNU
008 230605s9999||||xx |||||||||||||| ||und||
017 _a1137
040 _aJO-AjNU
_bara
_erda
_cJO-AjNU
041 _aara
050 1 4 _aRC936 1992
100 3 _aتيلر ، لورد,
_eauthor
_934631
245 0 0 _aالصحة المهنية والامن الصناعي
250 _aط3
264 3 1 _aالقاهرة : دار المعارف ، 1992
300 _a115ص
336 _atext
_btxt
_2rdacontent
337 _aunmediated
_bn
_2rdamedia
338 _avolume
_bnc
_2rdacarrier
650 4 _aالصحة المهنية
_934632
999 _aA14219
_c17787
_d17787